Estándares de construcción sustentable para viviendas de Chile: resumen ejecutivo

Αποθηκεύτηκε σε:
Λεπτομέρειες βιβλιογραφικής εγγραφής
Συγγραφή απο Οργανισμό/Αρχή: Ministerio de Vivienda y Urbanismo (Συγγραφέας)
Μορφή: Βιβλίο
Γλώσσα:Ισπανικά
Αγγλικά
Έκδοση: Santiago Ministerio de Vivienda y Urbanismo 2016
Έκδοση:1a. ed
Σειρά:Estándares Técnicos para Edificaciones Residenciales
Θέματα:
Ετικέτες: Προσθήκη ετικέτας
Δεν υπάρχουν, Καταχωρήστε ετικέτα πρώτοι!

MARC

LEADER 00000cam a2200000 a 4500
001 UCC2837
003 CL-VaPUC
008 180323e20160000cl |||||||||||||||||spa|d
041 0 7 |a spa  |2 CL-VaPUC 
041 0 7 |a eng  |2 CL-VaPUC 
082 0 4 |a 721.046  |b MIN  |2 21 
110 2 |a Ministerio de Vivienda y Urbanismo  |e author  |9 596860 
245 1 0 |a Estándares de construcción sustentable para viviendas de Chile: resumen ejecutivo 
246 1 0 |a Sustainable construction standards for housing in Chile: executive summary 
250 |a 1a. ed 
300 |a 39 p 
942 |c BK 
945 |d 20180323 15:33:00  |a dcastane 
260 |a Santiago  |b Ministerio de Vivienda y Urbanismo  |c 2016 
650 0 |a Arquitectura sustentable  |9 545891 
650 0 |a Diseño y construcción  |9 260862 
650 7 |a INGENIERIA DEL MEDIO AMBIENTE  |2 CL-VaPUC  |9 495588 
650 7 |a NORMAS  |2 CL-VaPUC  |9 259606 
583 |a last modification  |c 20180323 15:33:00  |k Rodrigo Vera 
490 0 |a Estándares Técnicos para Edificaciones Residenciales 
999 |c 370776  |d 370774 
952 |0 0  |1 0  |3 erb  |4 0  |6 721_046000000000000_MIN_2016  |7 0  |8 A  |9 487421  |a BIBARQ  |b BIBARQ  |i 5460298  |o 721.046 MIN 2016  |p 5460298  |r 2025-01-20  |w 2019-11-24  |y BK  |z Catalogado en:20180323  |k ARQ 
952 |0 0  |1 0  |3 erb  |4 0  |6 721_046000000000000_MIN_2016  |7 0  |8 A  |9 487422  |a BIBARQ  |b BIBARQ  |i 546028K  |o 721.046 MIN 2016  |p 546028K  |r 2025-01-20  |w 2019-11-24  |y BK  |z Catalogado en:20180323  |k ARQ 
952 |0 0  |1 0  |3 erb  |4 0  |6 721_046000000000000_MIN_2016  |7 0  |8 A  |9 487423  |a BIBARQ  |b BIBARQ  |i 5460271  |o 721.046 MIN 2016  |p 5460271  |r 2025-01-20  |w 2019-11-24  |y BK  |z Catalogado en:20180323  |k ARQ 
952 |0 0  |1 0  |3 erb  |4 0  |6 721_046000000000000_MIN_2016  |7 0  |8 A  |9 487424  |a BIBARQ  |b BIBARQ  |i 5460263  |o 721.046 MIN 2016  |p 5460263  |r 2025-01-20  |w 2019-11-24  |y BK  |z Catalogado en:20180323  |k ARQ